<?xml version="1.0" encoding="UTF-8"?>
<record
    xmlns:xsi="http://www.w3.org/2001/XMLSchema-instance"
    xsi:schemaLocation="http://www.loc.gov/MARC21/slim http://www.loc.gov/standards/marcxml/schema/MARC21slim.xsd"
    xmlns="http://www.loc.gov/MARC21/slim">

  <leader>02659nam a22002657a 4500</leader>
  <controlfield tag="008">250217b        |||||||| |||| 00| 0 eng d</controlfield>
  <datafield tag="020" ind1=" " ind2=" ">
    <subfield code="a">9788417694272</subfield>
  </datafield>
  <datafield tag="040" ind1=" " ind2=" ">
    <subfield code="c">tbs</subfield>
  </datafield>
  <datafield tag="041" ind1=" " ind2=" ">
    <subfield code="a">spa</subfield>
  </datafield>
  <datafield tag="041" ind1=" " ind2=" ">
    <subfield code="h">eng</subfield>
  </datafield>
  <datafield tag="050" ind1=" " ind2=" ">
    <subfield code="a">BF575.H27 </subfield>
    <subfield code="b">L98 2008</subfield>
  </datafield>
  <datafield tag="100" ind1=" " ind2=" ">
    <subfield code="a">Lyubomirsky, Sonja</subfield>
    <subfield code="9">24749</subfield>
    <subfield code="e">author</subfield>
  </datafield>
  <datafield tag="240" ind1=" " ind2=" ">
    <subfield code="a">The how of happiness.</subfield>
    <subfield code="l">Spanish.</subfield>
  </datafield>
  <datafield tag="245" ind1=" " ind2=" ">
    <subfield code="a">La ciencia de la felicidad</subfield>
    <subfield code="b">: un m&#xE9;todo probado para conseguir el bienestar</subfield>
    <subfield code="c">/ Sonja Lyubomirsky ; translated by Alejandra Devoto Carnicero.</subfield>
  </datafield>
  <datafield tag="250" ind1=" " ind2=" ">
    <subfield code="a">Fourth edition.</subfield>
  </datafield>
  <datafield tag="260" ind1=" " ind2=" ">
    <subfield code="a">Madrid :</subfield>
    <subfield code="b">Ediciones Urano,</subfield>
    <subfield code="c">2008.</subfield>
  </datafield>
  <datafield tag="300" ind1=" " ind2=" ">
    <subfield code="a">405 pages ;</subfield>
    <subfield code="b">illustrations, charts (black and white) ;</subfield>
    <subfield code="c">23 cm.</subfield>
  </datafield>
  <datafield tag="520" ind1=" " ind2=" ">
    <subfield code="a">Un m&#xE9;todo probado para conseguir una vida plena y feliz.
Con La ciencia de la felicidad, la investigadora y profesora de psicolog&#xED;a Sonja Lyubomirsky presenta el primer programa para incrementar la felicidad de las personas basado en investigaciones cient&#xED;ficas. Sus estudios demuestran que, pese a lo que solemos pensar, la felicidad personal no depende de factores como el dinero, el trabajo, la pareja o la juventud. En realidad, s&#xF3;lo un diez por ciento en t&#xE9;rminos de felicidad se apoya en circunstancias externas. La capacidad para la felicidad es innata en un cincuenta por ciento, pero el cuarenta por ciento restante se atribuye a lo que hacemos y a lo que pensamos; esto es, a nuestras actividades intencionadas y a nuestras estrategias mentales. Por eso, todos y cada uno de nosotros poseemos a&#xFA;n un amplio potencial para la dicha y el bienestar al que podemos acceder si ponemos en pr&#xE1;ctica los ejercicios y las estrategias propuestos en este libro.</subfield>
  </datafield>
  <datafield tag="520" ind1=" " ind2=" ">
    <subfield code="a">A Proven Method for Achieving a Fulfilling and Happy Life.
In The How of Happiness, researcher and psychology professor Sonja Lyubomirsky presents the first scientifically-backed program designed to increase personal happiness.

Her studies reveal that, contrary to common belief, happiness does not depend on factors like money, work, relationships, or youth. In fact, only 10% of our happiness is influenced by external circumstances. While 50% of our happiness is determined by innate genetic factors, the remaining 40% is shaped by our actions and thoughts&#x2014;that is, our intentional activities and mental strategies.

This means that each of us still holds a vast potential for joy and well-being, which we can unlock by practicing the exercises and strategies outlined in this book.</subfield>
  </datafield>
  <datafield tag="650" ind1=" " ind2="0">
    <subfield code="a">Happiness</subfield>
    <subfield code="9">9380</subfield>
  </datafield>
  <datafield tag="650" ind1=" " ind2="0">
    <subfield code="a">Attitude (Psychology)</subfield>
    <subfield code="9">11002</subfield>
  </datafield>
  <datafield tag="650" ind1=" " ind2="0">
    <subfield code="a">Self-actualization (Psychology)</subfield>
    <subfield code="9">7023</subfield>
  </datafield>
  <datafield tag="700" ind1=" " ind2=" ">
    <subfield code="a">Devoto Carnicero, Alejandra</subfield>
    <subfield code="9">24750</subfield>
    <subfield code="e">translator</subfield>
  </datafield>
  <datafield tag="942" ind1=" " ind2=" ">
    <subfield code="2">lcc</subfield>
  </datafield>
  <datafield tag="952" ind1=" " ind2=" ">
    <subfield code="0">0</subfield>
    <subfield code="1">0</subfield>
    <subfield code="2">lcc</subfield>
    <subfield code="4">0</subfield>
    <subfield code="7">0</subfield>
    <subfield code="a">TBS</subfield>
    <subfield code="b">TBS</subfield>
    <subfield code="d">2025-02-17</subfield>
    <subfield code="l">0</subfield>
    <subfield code="o">BF575 LYU</subfield>
    <subfield code="p">B05947</subfield>
    <subfield code="r">2025-02-17</subfield>
    <subfield code="t">1</subfield>
    <subfield code="w">2025-02-17</subfield>
    <subfield code="y">1</subfield>
    <subfield code="z">WELL COLLECTION</subfield>
  </datafield>
  <datafield tag="999" ind1=" " ind2=" ">
    <subfield code="c">4499</subfield>
    <subfield code="d">4499</subfield>
  </datafield>
</record>
